00532nam a2200157 a 450000100100000000500170001000800410002702000150006804000250008310000300010824500960013824600400023426000400027430000280031450400320034200003764420201002031110.0121023s2005 bl a 000 0 spa d a8589309118 aDO-SdBNPbspacBNPHU1 aSampaio, Consuelo Novais.10a50 anos de urbanização :bSalvador da Bahia no século XIX /cConsuelo Novais Sampaio.10aCinqüenta anos de urbanizaçáo aRio de Janeiro :bOdebrecht,c2005. a294 p. :bil. ;c32 cm. aBibliografía : p. 288-294